[Event "Hessen-ch Gr-D 62nd"]
[Site "Hanau"]
[Date "2008.03.22"]
[Round "3"]
[White "Lotte, Stephan"]
[Black "Zarges, Peter"]
[Result "1/2-1/2"]
[WhiteElo "1603"]
[BlackElo "1796"]
[PlyCount "46"]
[EventDate "2008.03.21"]
[EventType "swiss"]
[EventRounds "5"]
[EventCountry "GER"]
[SourceTitle "CBM 123 Extra"]
[Source "ChessBase"]
[SourceDate "2008.05.06"]
[SourceVersion "1"]
[SourceVersionDate "2008.05.06"]
[SourceQuality "1"]

1. f4 d5 2. Nf3 Nc6 3. e3 Bg4 4. Bb5 Qd6 5. 0-0 0-0-0 6. Bxc6 Qxc6 7. Ne5 Bxd1 8. Nxc6 Rd6 9. Nxe7+ Bxe7 10. Rxd1 f5 11. d3 g5 12. Nc3 c6 13. Bd2 Rg6 14. Ne2 Nh6 15. Rf1 Rf8 16. g3 Ng4 17. Rae1 Rh6 18. Nd4 Rxh2 19. Nf3 Rh5 20. Kg2 gxf4 21. exf4 Bd6 22. Rh1 Rxh1 23. Rxh1 Kd7 1/2-1/2

[Event "Hessen-ch Gr-D 62nd"]
[Site "Hanau"]
[Date "2008.03.21"]
[Round "1"]
[White "Lotte, Stephan"]
[Black "Boethelt, Klaus Dieter"]
[Result "1-0"]
[WhiteElo "1603"]
[BlackElo "1505"]
[PlyCount "97"]
[EventDate "2008.03.21"]
[EventType "swiss"]
[EventRounds "5"]
[EventCountry "GER"]
[SourceTitle "CBM 123 Extra"]
[Source "ChessBase"]
[SourceDate "2008.05.06"]
[SourceVersion "1"]
[SourceVersionDate "2008.05.06"]
[SourceQuality "1"]

1. f4 Nf6 2. Nf3 Nc6 3. e3 a6 4. b3 d6 5. Bb2 e6 6. Bd3 Be7 7. 0-0 0-0 8. Nc3 Nb4 9. Be2 Nbd5 10. a3 Nxc3 11. Bxc3 Nd5 12. Bb2 Bf6 13. c3 b5 14. Qc2 c5 15. Bd3 g6 16. Rac1 Bb7 17. Ba1 Qb6 18. Qd1 Nxf4 19. Bc2 Nd5 20. Qe1 c4 21. Qg3 Ne7 22. Ng5 Nf5 23. Bxf5 exf5 24. Rf4 h6 25. Nf3 Be4 26. Qh3 Kg7 27. Nd4 Bd3 28. b4 Rh8 29. g4 Bg5 30. Rf2 fxg4 31. Qxg4 f5 32. Qg3 Kh7 33. Bb2 Rhe8 34. Nf3 Qd8 35. h3 Re4 36. Rg2 Qf6 37. Nxg5+ Qxg5 38. Qxd6 Qh5 39. Qc7+ Kh8 40. Kh2 Rae8 41. Rcg1 R4e6 42. Qf7 Be4 43. Rxg6 Qe2+ 44. R1g2 Qxg2+ 45. Rxg2 Bxg2 46. Kxg2 Rg8+ 47. Kf2 Rgg6 48. d3 cxd3 49. c4+ 1-0

[Event "Ruhrgebiet-ch U18"]
[Site "Muelheim"]
[Date "2004.04.08"]
[Round "6"]
[White "Ozerov, Ilja"]
[Black "Lotte, Stephan"]
[Result "1/2-1/2"]
[WhiteElo "1832"]
[BlackElo "1504"]
[PlyCount "123"]
[EventDate "2004.04.??"]
[EventType "swiss"]
[EventRounds "7"]
[EventCountry "GER"]
[SourceTitle "EXT 2005"]
[Source "ChessBase"]
[SourceDate "2004.11.15"]
[SourceVersion "1"]
[SourceVersionDate "2004.11.15"]
[SourceQuality "1"]

1. d4 Nf6 2. Bg5 e6 3. e4 Be7 4. Nc3 d5 5. e5 Nfd7 6. h4 c5 7. Nb5 Qa5+ 8. c3 a6 9. Bxe7 axb5 10. Bd6 Nc6 11. Nf3 b4 12. Qd2 bxc3 13. bxc3 cxd4 14. cxd4 Qxd2+ 15. Kxd2 f6 16. Bb5 Na7 17. Bd3 Nc6 18. Rhc1 g5 19. hxg5 fxg5 20. g4 h6 21. Ke3 Kf7 22. Bb5 Ndb8 23. Bxb8 Rxb8 24. Bxc6 bxc6 25. Rxc6 Kg6 26. Nd2 Rh7 27. Nb3 Ra7 28. Nc5 Kf7 29. a4 Bd7 30. Rd6 Bc8 31. Rh1 Kg7 32. Nxe6+ Bxe6 33. Rxe6 Rb3+ 34. Ke2 Rxa4 35. Rhxh6 Rxd4 36. Rhg6+ Kf7 37. Ref6+ Ke7 38. Rg7+ Ke8 39. Rxg5 Rb2+ 40. Kf1 Re4 41. Rg8+ Ke7 42. Rg7+ Ke8 43. Ra6 Kf8 44. Rc7 Rxe5 45. Ra8+ Re8 46. Rxe8+ Kxe8 47. g5 d4 48. g6 Kf8 49. Rd7 Rb6 50. g7+ Kg8 51. Ke2 Rb3 52. f4 Rg3 53. f5 Rxg7 54. Rxd4 Rg3 55. Rf4 Kf7 56. Rf3 Rxf3 57. Kxf3 Kf6 58. Kg4 Kf7 59. Kg5 Kg7 60. f6+ Kf7 61. Kf5 Kf8 62. Kg5 1/2-1/2

[Event "Ruhrgebiet-ch U18"]
[Site "Muelheim"]
[Date "2004.04.06"]
[Round "5"]
[White "Lotte, Stephan"]
[Black "Junker, Timo"]
[Result "1/2-1/2"]
[WhiteElo "1504"]
[BlackElo "1693"]
[PlyCount "33"]
[EventDate "2004.04.??"]
[EventType "swiss"]
[EventRounds "7"]
[EventCountry "GER"]
[SourceTitle "EXT 2005"]
[Source "ChessBase"]
[SourceDate "2004.11.15"]
[SourceVersion "1"]
[SourceVersionDate "2004.11.15"]
[SourceQuality "1"]

1. f4 d5 2. Nf3 c5 3. e3 Nc6 4. Bb5 a6 5. Bxc6+ bxc6 6. 0-0 e6 7. b3 Nf6 8. Bb2 Be7 9. d3 Qb6 10. Qe1 a5 11. Nc3 a4 12. Rb1 axb3 13. axb3 d4 14. Na4 Qc7 15. exd4 cxd4 16. Nxd4 Bd7 17. Ne2 1/2-1/2

[Event "Ruhrgebiet-ch U18"]
[Site "Muelheim"]
[Date "2004.04.03"]
[Round "1"]
[White "Butschek, Tanja"]
[Black "Lotte, Stephan"]
[Result "1-0"]
[WhiteElo "1790"]
[BlackElo "1504"]
[PlyCount "116"]
[EventDate "2004.04.??"]
[EventType "swiss"]
[EventRounds "7"]
[EventCountry "GER"]
[SourceTitle "EXT 2005"]
[Source "ChessBase"]
[SourceDate "2004.11.15"]
[SourceVersion "1"]
[SourceVersionDate "2004.11.15"]
[SourceQuality "1"]

1. e4 c5 2. Nf3 d6 3. Bb5+ Bd7 4. Bxd7+ Nxd7 5. c3 g6 6. d4 Bg7 7. 0-0 Ngf6 8. Qe2 0-0 9. e5 dxe5 10. dxe5 Ne8 11. e6 Nb6 12. exf7+ Rxf7 13. Nbd2 Nc7 14. Ng5 Rf5 15. Ne6 Nxe6 16. Qxe6+ Kh8 17. Nf3 Qd6 18. Re1 Qxe6 19. Rxe6 Bf6 20. h4 Rd8 21. Bg5 Rd7 22. Rae1 Bxg5 23. Nxg5 Nc8 24. R6e2 b6 25. Nf3 Kg7 26. Ne5 Rc7 27. Rd1 Kf6 28. Ng4+ Kg7 29. Ne3 Re5 30. g4 Kf7 31. c4 Nd6 32. Red2 Re4 33. b3 a6 34. Nd5 Rb7 35. f3 Re6 36. Kf2 b5 37. cxb5 Nxb5 38. Rc1 Rc6 39. Rdc2 e6 40. Nb4 Rd6 41. Rxc5 Rbd7 42. Kg3 Nd4 43. Kf2 h6 44. Rc7 Kf6 45. Rxd7 Rxd7 46. Nxa6 Ra7 47. Nb4 Rb7 48. Rc4 Nb5 49. Nd3 g5 50. hxg5+ hxg5 51. Ke3 Nd6 52. Rc6 Nb5 53. Nc5 Re7 54. a4 Na3 55. Ne4+ Kg6 56. b4 Re8 57. b5 Re7 58. b6 Nb5 1-0